MARC

LEADER 00000nam0a2200000 4500
001 196350
005 20231129144619.0
010 |b 500 экз. 
035 |a (RuTPU)RU\TPU\book\214198 
035 |a RU\TPU\tpu\4511 
090 |a 196350 
100 |a 20110523d1949 k y0rusy50 ca 
101 0 |a rus 
102 |a RU 
105 |a a j 000zy 
200 1 |a Пособие к лабораторным работам по релейной защите  |f И. Д. Кутявин  |g Томский политехнический институт (ТПИ) имени С. М. Кирова 
210 |a Томск  |c Издание ТПИ  |d 1949 
215 |a 58 с.  |c черт. 
606 1 |a Релейная защита в целом  |2 stltpush  |3 (RuTPU)RU\TPU\subj\24926  |9 49192 
610 1 |a учебные пособия 
610 1 |a труды учёных ТПУ 
610 1 |a электрические сети 
610 1 |a электрические системы 
610 1 |a электрические станции 
610 1 |a электротехника 
610 1 |a Коллекция ТПУ 
675 |a 621.316.925.1(075)  |v 3 
700 1 |a Кутявин  |b И. Д.  |c российский ученый, электроэнергетик  |c профессор Томского политехнического института  |f 1906-  |g Иван Дмитриевич  |3 (RuTPU)RU\TPU\pers\14031 
712 0 2 |a Томский политехнический институт (ТПИ)  |c (1944-1991)  |3 (RuTPU)RU\TPU\col\1123 
801 0 |a RU  |b 63413507  |c 20011210  |g PSBO 
801 2 |a RU  |b 63413507  |c 20191121  |g PSBO 
942 |c BK